000 00532nam a22001691i 4500
001 183467
003 ES-MaACL
005 20230906221911.0
008 140626q19001925sp |||| | spa d
245 0 1 _aLéame usted hoy
_b: narraciones y cuentos.
260 _aMadrid :
_b[s.n.,
_c19-?]
300 _a160 p. :
_bil. ;
_c26 cm.
490 1 _aBibliotecade Alrededor del Mundo
830 0 _aBibliotecade Alrededor del Mundo
_9191992
852 _aES-MaACL
_jG-6063(1)
_z.- Encuadernado con otras obras
999 _c183467
_d183467